| 000 | 00577nam a22001817a 4500 | ||
|---|---|---|---|
| 005 | 20250507151717.0 | ||
| 008 | 250507b |||||||| |||| 00| 0 eng d | ||
| 020 | _a8172330375 | ||
| 037 | _cTextual | ||
| 040 |
_aRTL _cRTL |
||
| 084 |
_aU18:M95(D:28), N2/NTI _qRTL |
||
| 100 |
_aPatel, A. N. _9274300 |
||
| 245 |
_aRemote sensing: _bPrinciples and applications |
||
| 260 |
_aJodhpur _bScientific Publishers _c1992 |
||
| 300 |
_avii, 161p. _bIncludes References |
||
| 650 |
_aGeography, Remote Sensing _9755429 |
||
| 942 |
_2CC _cTB _hU18:M95(D:28), N2/NTI _n0 |
||
| 999 |
_c1320348 _d1320348 |
||